L'isola dei tesori. (Record n. 359199)

Dettagli MARC
000 -LEADER
campo di controllo lung. fissa 00646nam a22001937a 4500
003 - Identificatore del numero di controllo
campo di controllo IT-MiCISF
005 - Data e orario dell'ultima transazione
campo di controllo 20250120095057.0
008 - Elementi di lunghezza fissa--Informazione generale
campo di controllo lung. fissa 210210b ||||| |||| 00| 0 eng d
040 ## - Fonte della catalogazione
Agenzia che fa la trascrizione IT-MiCISF
041 ## - Codice di lingua
Codice di lingua del testo/traccia sonora o titolo separato it
100 ## - Accesso principale -- nome di persona
Nome di persona Save the Children
9 (RLIN) 58740
245 ## - Formulazione del titolo
Titolo L'isola dei tesori.
Complemento del titolo Atlante dell'infanzia (a rischio) in Italia
260 ## - Pubblicazione, distribuzione, ecc. (stampa)
Nome dell'editore, distributore, ecc. Save the children,
Data di pubblicazione, distribuzione, ecc. 2010,
Luogo di pubblicazione, distribuzione, ecc. Milano
300 ## - Descrizione fisica
Estensione pp. 128
500 ## - Nota generale
Nota generale infanzia, bambini-a-rischio, società, statistica, bambini-immigrati, territorio, servizi-infanzia, scuola, nuovi-media, tribunale-minorenni
650 ## - Accesso aggiunto di soggetto--termine topico
Termine topico o nome geografico come accesso età-evolutiva
9 (RLIN) 56123
654 ## - Accesso aggiunto di soggetto--termini topici faccettati
Termine principale rapporto
942 ## - Dati aggiuntivi (Koha)
Fonte della classificazione o dello schema di collocazione (segnatura) Dewey Decimal Classification
Tipo copia default (Koha) DOCUMENTI
Dati di copia
Ritirato (status) Perso (status) Fonte della classificazione o dello schema di collocazione (segnatura) Danneggiato (status) Non per il presito Biblioteca proprietaria Biblioteca in cui si trova Data d'acquisizione Totale prestiti Collocazione Data ultima operazione Prezzo in vigore dal Tipo copia default (Koha)
    Dewey Decimal Classification Buone Condizioni Not For Loan CISF - Milano CISF - Milano 10/02/2021   dg121 10/02/2021 10/02/2021 DOCUMENTI
CREDITS: SOCIETA' SAN PAOLO Via A.Severo, 58 - ROMA (RM) & PERIODICI SAN PAOLO SRL Via Giotto, 36 MILANO & CISF Via Giotto, 36 MILANO & EDIZIONI SAN PAOLO SRL,  Piazza Soncino, 5 CINISELLO BALSAMO (MI) -- ITALY